L'uomo sentimentale

Kaydedildi:
Detaylı Bibliyografya
Yazar: Marias Javier
Materyal Türü: Kitap
Dil:Bilinmeyen Dil
Baskı/Yayın Bilgisi: Torino Einaudi 2000
Etiketler: Etiketle
Etiket eklenmemiş, İlk siz ekleyin!

MARC

LEADER 00000nam a2200000Ia 4500
001 213
003 NUMERAZIONE-ORIGINALE-BRESCIA
005 20260206230750.0
008 260206s9999 xx 000 0 und d
100 |a Marias Javier 
245 0 |a L'uomo sentimentale 
260 |a Torino 
260 |b Einaudi 
260 |c 2000 
942 |2 ddc  |c BK  |n 0 
952 |0 0  |1 0  |2 ddc  |4 0  |6 31  |7 0  |9 28413  |a BS  |b BS  |d 2026-02-06  |i 213  |l 0  |o 3-1-*  |r 2026-02-06 22:40:34  |w 2026-02-06  |x [REVISIONARE]  |y BK 
999 |c 24094  |d 24094